000 00661nam a2200217Ia 4500
001 17051
003 GE_BSU
008 181216s||||||||xx |||||||||||||| ||und||
040 _cGE_BSU
080 _a821.161.1-32
100 _aნაგიბინი, იური
245 _aადამიანი და გზა
245 _bმოთხრობები
260 _aთბილისი
260 _bლიტერატურა და ხელოვნება
260 _c1967
300 _a384გვ. ; 20სმ.
653 _aადამიანი და გზა
653 _aმოთხრობები
942 _cBK
999 _c50113
_d50113